| 000 | 00382pab a2200157 454500 | ||
|---|---|---|---|
| 008 | 180718b2008 xxu||||| |||| 00| 0 eng d | ||
| 100 | _aPandey, Balaji | ||
| 245 | _aThe Kalinganagar tragedy: development goal or development malaise | ||
| 260 | _c2008 | ||
| 300 | _ap.609-26. | ||
| 362 | _aDec | ||
| 650 | _aRefugees | ||
| 773 | _aSocial Change | ||
| 908 | _aN | ||
| 909 | _a80992 | ||
| 999 |
_c80992 _d80992 |
||